| 000 | 00788cam a22002413a 4500 | ||
|---|---|---|---|
| 001 | 14811 | ||
| 003 | PGUSA | ||
| 005 | 20140828083321.0 | ||
| 008 | 050126s2005||||xxu|||||s|||||000 | eng d | ||
| 040 |
_aPGUSA _beng |
||
| 042 | _adc | ||
| 050 | 4 | _aJK | |
| 100 | 1 |
_aWilson, Woodrow, _d1856-1924 |
|
| 245 | 1 | 4 |
_aThe New Freedom : _bA Call For the Emancipation of the Generous Energies of a People _h[electronic resource] / _cWoodrow Wilson |
| 260 |
_bProject Gutenberg, _c2005 |
||
| 506 | _aPublic domain in the USA. | ||
| 516 | _aElectronic text | ||
| 653 | _aUnited States -- Social conditions -- 1865-1918 | ||
| 653 | _aUnited States -- Politics and government -- 1913-1921 | ||
| 830 | 0 |
_aProject Gutenberg _v14811 |
|
| 856 | 4 | 0 | _uhttp://www.gutenberg.org/ebooks/14811 |
| 942 | _cEB | ||
| 999 |
_c244066 _d244066 |
||